[Event "Wch Seniors 65 29th"]
[Site "Bucharest"]
[Date "2019.11.21"]
[Round "9"]
[White "Lucena, Lincoln"]
[Black "Jurek, Josef"]
[Result "1/2-1/2"]
[WhiteElo "2112"]
[BlackElo "2250"]
[PlyCount "153"]
[EventDate "2019.11.12"]
[EventType "swiss"]
[EventRounds "11"]
[EventCountry "ROU"]
[SourceTitle "CBM 193 Extra"]
[Source "ChessBase"]
[SourceDate "2020.01.31"]
[SourceVersion "1"]
[SourceVersionDate "2020.01.31"]
[SourceQuality "1"]

1. c4 Nf6 2. g3 c6 3. Bg2 d5 4. d4 Bf5 5. Nc3 e6 6. Nf3 h6 7. 0-0 Be7 8. Bf4 Nbd7 9. cxd5 exd5 10. Rc1 0-0 11. Re1 Re8 12. a3 a5 13. h3 Bh7 14. Qb3 Qb6 15. Qxb6 Nxb6 16. Nd2 a4 17. g4 Nc8 18. e4 dxe4 19. Ndxe4 Nxe4 20. Bxe4 Bxe4 21. Rxe4 Rd8 22. Rce1 Kf8 23. Bc7 Rd7 24. Bg3 b5 25. d5 cxd5 26. Re5 d4 27. Nxb5 d3 28. Nc3 d2 29. Rd1 Nb6 30. Re4 Rc8 31. Kf1 Bxa3 32. Nxa4 Nxa4 33. Rxa4 Bxb2 34. Re4 g5 35. Ke2 Bc3 36. f3 Rd5 37. Bf2 Rcd8 38. Be3 Ba5 39. f4 Kg7 40. Re5 Rxe5 41. fxe5 Rd5 42. Bxd2 Rxe5+ 43. Kf3 Bxd2 44. Rxd2 Re6 45. Rd5 Kg6 46. Rd8 Ra6 47. Rd3 h5 48. Rb3 h4 49. Rc3 Kf6 50. Kg2 Rd6 51. Rf3+ Ke6 52. Re3+ Kd5 53. Re7 f6 54. Re2 Rc6 55. Kh2 Rc4 56. Kg2 Re4 57. Rf2 Rf4 58. Re2 Kd4 59. Ra2 Re4 60. Ra4+ Ke3 61. Ra3+ Kf4 62. Rf3+ Ke5 63. Rf5+ Ke6 64. Rf2 Rf4 65. Re2+ Kd5 66. Ra2 Re4 67. Ra5+ Ke6 68. Ra6+ Kf7 69. Ra2 Rf4 70. Ra7+ Kg6 71. Ra6 Rd4 72. Ra2 Rd3 73. Rb2 Kf7 74. Re2 Rd5 75. Kf2 Ra5 76. Kg2 Re5 77. Ra2 1/2-1/2

[Event "Wch Seniors 65 29th"]
[Site "Bucharest"]
[Date "2019.11.15"]
[Round "4"]
[White "James, Kevin"]
[Black "Lucena, Lincoln"]
[Result "0-1"]
[WhiteElo "1953"]
[BlackElo "2112"]
[PlyCount "58"]
[EventDate "2019.11.12"]
[EventType "swiss"]
[EventRounds "11"]
[EventCountry "ROU"]
[SourceTitle "CBM 193 Extra"]
[Source "ChessBase"]
[SourceDate "2020.01.31"]
[SourceVersion "1"]
[SourceVersionDate "2020.01.31"]
[SourceQuality "1"]

1. d4 Nf6 2. c4 c5 3. d5 b5 4. Nd2 g6 5. e4 d6 6. b3 Bg7 7. Bb2 b4 8. Bd3 0-0 9. Ne2 a5 10. h3 a4 11. bxa4 Bd7 12. 0-0 Bxa4 13. Qb1 Na6 14. f4 Nc7 15. Ng3 Ra7 16. h4 Bd7 17. e5 Ng4 18. h5 e6 19. hxg6 hxg6 20. Nf3 exd5 21. exd6 Ne8 22. Bxg7 Nxg7 23. f5 dxc4 24. Bxc4 Bxf5 25. Nxf5 Nxf5 26. Qe4 Nfe3 27. Rfc1 Qxd6 28. Ng5 Kg7 29. Qf3 Qd4 0-1

[Event "Brasilia Terraviva op"]
[Site "Brasilia"]
[Date "2019.01.11"]
[Round "3"]
[White "Santos, Marcus Vinicius M"]
[Black "Lucena, Lincoln"]
[Result "1/2-1/2"]
[WhiteElo "2350"]
[BlackElo "2115"]
[PlyCount "97"]
[EventDate "2019.01.10"]
[EventType "swiss"]
[EventRounds "7"]
[EventCountry "BRA"]
[SourceTitle "CBM 188 Extra"]
[Source "ChessBase"]
[SourceDate "2019.02.26"]
[SourceVersion "1"]
[SourceVersionDate "2019.02.26"]
[SourceQuality "1"]

1. d4 Nf6 2. c4 e6 3. Nc3 d5 4. cxd5 Nxd5 5. e4 Nxc3 6. bxc3 c5 7. Nf3 cxd4 8. cxd4 Bb4+ 9. Bd2 Bxd2+ 10. Qxd2 0-0 11. Bc4 Nd7 12. 0-0 b6 13. d5 exd5 14. Qxd5 Rb8 15. Rfd1 Qe7 16. Rac1 Nc5 17. Qe5 Qxe5 18. Nxe5 Be6 19. Bxe6 fxe6 20. f3 Rbd8 21. Nc6 Rxd1+ 22. Rxd1 Kf7 23. Kf2 Rc8 24. Rd6 Rc7 25. Ke3 Nb7 26. Ne5+ Kf6 27. Rc6 Rxc6 28. Nxc6 a6 29. Kd4 g5 30. Ne5 Ke7 31. h4 gxh4 32. f4 b5 33. Nf3 Kd6 34. e5+ Kd7 35. Nxh4 a5 36. g4 a4 37. Nf3 b4 38. Kc4 b3 39. axb3 axb3 40. Kxb3 Nc5+ 41. Kc4 Ne4 42. Kd4 Ng3 43. Nh4 Kc6 44. g5 Kd7 45. Ke3 Kc6 46. Kf3 Nh5 47. Ng2 Kd5 48. Kf2 Kd4 49. Kf3 1/2-1/2

[Event "Brasilia-ch final"]
[Site "Brasilia"]
[Date "2018.10.26"]
[Round "6"]
[White "Moraes Silva, Carlos Alessandro"]
[Black "Lucena, Lincoln"]
[Result "0-1"]
[WhiteElo "2011"]
[BlackElo "2075"]
[PlyCount "140"]
[EventDate "2018.10.19"]
[EventType "tourn"]
[EventRounds "7"]
[EventCountry "BRA"]
[SourceTitle "CBM 187 Extra"]
[Source "ChessBase"]
[SourceDate "2018.11.04"]
[SourceVersion "1"]
[SourceVersionDate "2018.11.04"]
[SourceQuality "1"]

1. g3 d5 2. c4 c6 3. cxd5 cxd5 4. f4 Nf6 5. Nf3 Nc6 6. Bg2 g6 7. 0-0 Bg7 8. d3 Qb6+ 9. e3 0-0 10. h3 Nh5 11. Kh2 Bxb2 12. Bxb2 Qxb2 13. Nbd2 Nf6 14. Qe2 b6 15. Rfb1 Qa3 16. Rb3 Qa4 17. e4 Nd4 18. Nxd4 Qxd4 19. Rf1 dxe4 20. dxe4 Bb7 21. e5 Bxg2 22. Kxg2 Qd5+ 23. Kh2 Rad8 24. Rf2 Nd7 25. Ra3 a5 26. Nc4 Qc6 27. f5 Rc8 28. Nd2 Nc5 29. Raf3 Rcd8 30. Qf1 Qd5 31. fxg6 hxg6 32. Nc4 b5 33. Ne3 Qxe5 34. Ng4 Qg5 35. Rxf7 Rxf7 36. Rxf7 Rd2+ 37. Kg1 Ne6 38. Rf3 Qc5+ 39. Kh1 Qd5 40. Ne3 Qe4 41. Ng2 Qe2 42. Qxe2 Rxe2 43. a3 Nd4 44. Rc3 Rc2 45. Re3 Nf5 46. Rb3 Nd4 47. Re3 b4 48. axb4 axb4 49. Ne1 Rc1 50. Kg2 Nc2 51. Nxc2 Rxc2+ 52. Kf1 Kf7 53. Rb3 Rc3 54. Rxb4 Rxg3 55. h4 Kf6 56. Kf2 Ra3 57. Rf4+ Ke5 58. Rg4 Kf5 59. Rg5+ Kf6 60. Rb5 e5 61. Rb4 Kf5 62. Kg2 Rd3 63. Rb8 Kg4 64. Rg8 Rg3+ 65. Kf2 Kxh4 66. Rh8+ Kg4 67. Re8 Rf3+ 68. Ke2 Rf5 69. Ke3 g5 70. Ke4 Rf1 0-1

[Event "Florianopolis Regional STD op"]
[Site "Florianopolis"]
[Date "2018.10.13"]
[Round "3"]
[White "Borges, Guilherme Deola"]
[Black "Lucena, Lincoln"]
[Result "1-0"]
[WhiteElo "2182"]
[BlackElo "2075"]
[PlyCount "121"]
[EventDate "2018.10.12"]
[EventType "swiss"]
[EventRounds "6"]
[EventCountry "BRA"]
[SourceTitle "CBM 186 Extra"]
[Source "ChessBase"]
[SourceDate "2018.08.24"]
[SourceVersion "1"]
[SourceVersionDate "2018.08.24"]
[SourceQuality "1"]

1. d4 Nf6 2. c4 e6 3. Nc3 d5 4. Nf3 c5 5. e3 Nc6 6. a3 a6 7. dxc5 Bxc5 8. b4 Be7 9. cxd5 Nxd5 10. Nxd5 exd5 11. Bb2 Bf6 12. Nd4 Nxd4 13. Bxd4 0-0 14. Be2 Be6 15. 0-0 Rc8 16. Ra2 Bxd4 17. Qxd4 Qc7 18. Rd1 Qc3 19. h3 g6 20. Qxc3 Rxc3 21. Rd4 Rfc8 22. Bf3 R8c4 23. Rdd2 Rb3 24. Bxd5 Bxd5 25. Rxd5 Rc1+ 26. Kh2 Rcc3 27. Ra5 Kg7 28. g4 h6 29. h4 Kf6 30. Kg3 Ke6 31. h5 g5 32. Ra1 f6 33. Ra2 Rd3 34. Kf3 Rd5 35. Rxd5 Kxd5 36. Rd2+ Ke6 37. Rd8 Rxa3 38. Rb8 b5 39. Ke4 Ra2 40. Rb6+ Kf7 41. f4 Ra4 42. Kf5 gxf4 43. exf4 Rxb4 44. Rxf6+ Kg7 45. Rg6+ Kh7 46. Rxa6 Rc4 47. g5 hxg5 48. fxg5 b4 49. Ra7+ Kg8 50. g6 Rc5+ 51. Kf6 Rc6+ 52. Kg5 Rc8 53. Rb7 Ra8 54. Rxb4 Ra5+ 55. Kh6 Ra8 56. Rd4 Rb8 57. Rd6 Rf8 58. Kg5 Ra8 59. h6 Ra5+ 60. Kf6 Ra8 61. Ke7 1-0

[Event "Florianopolis Regional STD op"]
[Site "Florianopolis"]
[Date "2018.10.13"]
[Round "4"]
[White "Cordioli, Jairo Ribeiro"]
[Black "Lucena, Lincoln"]
[Result "0-1"]
[WhiteElo "1837"]
[BlackElo "2075"]
[PlyCount "35"]
[EventDate "2018.10.12"]
[EventType "swiss"]
[EventRounds "6"]
[EventCountry "BRA"]
[SourceTitle "CBM 186 Extra"]
[Source "ChessBase"]
[SourceDate "2018.08.24"]
[SourceVersion "1"]
[SourceVersionDate "2018.08.24"]
[SourceQuality "1"]

1. d4 Nf6 2. c4 c5 3. d5 b5 4. Qc2 d6 5. e4 b4 6. Nf3 Nbd7 7. Bf4 g6 8. Nbd2 Bg7 9. Bd3 0-0 10. 0-0 Nh5 11. Bg5 h6 12. Bh4 Nf4 13. Rab1 a5 14. Bg3 Nxd3 15. Qxd3 a4 16. Rfe1 Qc7 17. Qe3 Nf6 18. h3 0-1

[Event "Montevideo Duchamp Cup 2nd"]
[Site "Montevideo"]
[Date "2018.02.04"]
[Round "5"]
[White "Lucena, Lincoln"]
[Black "Amura, Claudia Noemi"]
[Result "0-1"]
[WhiteElo "2053"]
[BlackElo "2243"]
[PlyCount "78"]
[EventDate "2018.02.02"]
[EventType "swiss"]
[EventRounds "9"]
[EventCountry "URU"]
[SourceTitle "CBM 182 Extra"]
[Source "ChessBase"]
[SourceDate "2018.02.23"]
[SourceVersion "1"]
[SourceVersionDate "2018.02.23"]
[SourceQuality "1"]

1. Nf3 d5 2. g3 Nf6 3. Bg2 g6 4. 0-0 Bg7 5. c4 c6 6. d4 0-0 7. Nc3 Ne4 8. cxd5 Nxc3 9. bxc3 cxd5 10. Rb1 Nc6 11. Qa4 Na5 12. Nd2 Bd7 13. Qb4 Bf5 14. e4 dxe4 15. Nxe4 Rc8 16. Bg5 Re8 17. Rfe1 h6 18. Bf4 b6 19. Rbd1 Qd7 20. Bf1 Qd5 21. c4 Nxc4 22. Nc3 Qa5 23. Qxa5 Nxa5 24. Nb5 g5 25. Bd2 Nc6 26. d5 Ne5 27. Nd4 Bd3 28. Bg2 Bc4 29. Nf5 Bf6 30. d6 Be6 31. Nxe7+ Bxe7 32. dxe7 Nd3 33. Re3 Nb2 34. Rde1 Nc4 35. Rd3 Nxd2 36. Rxd2 Rxe7 37. Bd5 Rd8 38. Re5 Kf8 39. a4 f6 0-1

[Event "Brasilia Terraviva op"]
[Site "Brasilia"]
[Date "2018.01.13"]
[Round "4"]
[White "Moraes Silva, Carlos Alessandro"]
[Black "Lucena, Lincoln"]
[Result "1/2-1/2"]
[WhiteElo "1896"]
[BlackElo "2059"]
[PlyCount "49"]
[EventDate "2018.01.11"]
[EventType "swiss"]
[EventRounds "7"]
[EventCountry "BRA"]
[SourceTitle "CBM 182 Extra"]
[Source "ChessBase"]
[SourceDate "2018.02.23"]
[SourceVersion "1"]
[SourceVersionDate "2018.02.23"]
[SourceQuality "1"]

1. g3 Nf6 2. Bg2 e5 3. e4 d6 4. Nc3 Nc6 5. Nge2 g6 6. 0-0 Bg7 7. d3 0-0 8. f4 h6 9. h3 Kh7 10. Kh2 Bd7 11. Be3 Bg4 12. Qd2 Bxe2 13. Qxe2 Nd4 14. Bxd4 exd4 15. Nb1 Nd7 16. f5 Be5 17. Nd2 Qg5 18. Rf3 h5 19. Nf1 h4 20. Qf2 hxg3+ 21. Nxg3 Nf6 22. Kh1 Qh4 23. Ne2 Qxf2 24. Rxf2 g5 25. Bf3 1/2-1/2

[Event "Brasilia Centro Oeste-ch"]
[Site "Brasilia"]
[Date "2017.09.22"]
[Round "2"]
[White "Franca, Jairo Jr"]
[Black "Lucena, Lincoln"]
[Result "1/2-1/2"]
[WhiteElo "1893"]
[BlackElo "2111"]
[PlyCount "126"]
[EventDate "2017.09.22"]
[EventType "swiss"]
[EventRounds "6"]
[EventCountry "BRA"]
[SourceTitle "CBM 180 Extra"]
[Source "ChessBase"]
[SourceDate "2017.10.06"]
[SourceVersion "1"]
[SourceVersionDate "2017.10.06"]
[SourceQuality "1"]

1. e4 d5 2. exd5 Qxd5 3. d4 g6 4. c4 Qd8 5. Nf3 Nh6 6. Nc3 Bg7 7. Be2 Nf5 8. d5 c5 9. 0-0 0-0 10. Re1 Nd7 11. Bf1 Nf6 12. Bf4 Nh5 13. Be5 Nf6 14. Rb1 Nd6 15. h3 Bf5 16. Bd3 Qd7 17. a3 Rac8 18. Qe2 Rfe8 19. b3 b6 20. Rbc1 Bh6 21. Rc2 Bf8 22. Nd2 Rcd8 23. b4 cxb4 24. axb4 Rc8 25. Ra1 Bh6 26. f4 g5 27. Rca2 gxf4 28. Rxa7 Bxd3 29. Qxd3 Qf5 30. Qxf5 Nxf5 31. Bxf6 exf6 32. Nce4 Kg7 33. d6 Rcd8 34. c5 bxc5 35. bxc5 f3 36. gxf3 Be3+ 37. Kf1 Bd4 38. R1a4 Re5 39. Nc4 Rd5 40. Rc7 Rb8 41. Nb6 Rxb6 42. cxb6 Bxb6 43. Rc6 Be3 44. Ke2 Nd4+ 45. Kxe3 Nxc6 46. Rc4 Ne5 47. Rd4 Rxd4 48. Kxd4 Nxf3+ 49. Ke3 Ne5 50. Kf4 Kg6 51. Nc5 Nc6 52. d7 Nd8 53. Nd3 Ne6+ 54. Ke4 Nd8 55. Nf4+ Kg5 56. Nd5 Ne6 57. Kf3 f5 58. Ne7 Nd8 59. Nd5 h5 60. Kg3 h4+ 61. Kf3 f6 62. Nf4 Kh6 63. Kg2 Kg5 1/2-1/2

[Event "Brazil Fiesta op"]
[Site "Brazil"]
[Date "2017.07.23"]
[Round "6"]
[White "Lucena, Lincoln"]
[Black "Nascimento, Pedro Henrique Alve"]
[Result "1-0"]
[WhiteElo "2100"]
[BlackElo "1964"]
[PlyCount "77"]
[EventDate "2017.07.21"]
[EventType "swiss"]
[EventRounds "6"]
[EventCountry "BRA"]
[SourceTitle "EXT 2019"]
[Source "ChessBase"]
[SourceDate "2018.10.10"]
[SourceVersion "1"]
[SourceVersionDate "2018.10.10"]
[SourceQuality "1"]

1. Nf3 Nf6 2. g3 g6 3. Bg2 Bg7 4. 0-0 c5 5. d3 0-0 6. Nbd2 Nc6 7. e4 d6 8. h3 Rb8 9. Re1 Nd7 10. a4 a6 11. c3 b5 12. axb5 axb5 13. Nb3 b4 14. c4 Nde5 15. Nh2 Nd7 16. Ng4 Re8 17. f4 Nd4 18. Kh2 Nxb3 19. Qxb3 Nf8 20. f5 gxf5 21. Nh6+ Bxh6 22. Bxh6 Ne6 23. Qd1 Ng7 24. Qd2 e5 25. Bg5 f6 26. Bh4 Qe7 27. Qh6 Rf8 28. Rf1 Kh8 29. Rf2 Qf7 30. b3 Qg6 31. Qd2 Nh5 32. exf5 Bxf5 33. Rxf5 Qxf5 34. Be4 Qd7 35. Qh6 Qf7 36. Rf1 Rbd8 37. Rf5 Nxg3 38. Bxf6+ Qxf6 39. Rxf6 1-0

[Event "Brazil Fiesta op"]
[Site "Brazil"]
[Date "2017.07.22"]
[Round "3"]
[White "Labussiere, Victor"]
[Black "Lucena, Lincoln"]
[Result "1/2-1/2"]
[WhiteElo "1879"]
[BlackElo "2100"]
[PlyCount "61"]
[EventDate "2017.07.21"]
[EventType "swiss"]
[EventRounds "6"]
[EventCountry "BRA"]
[SourceTitle "EXT 2019"]
[Source "ChessBase"]
[SourceDate "2018.10.10"]
[SourceVersion "1"]
[SourceVersionDate "2018.10.10"]
[SourceQuality "1"]

1. d4 Nf6 2. c4 e6 3. Nc3 Bb4 4. e3 0-0 5. Bd3 d6 6. Nf3 c5 7. 0-0 Bxc3 8. bxc3 Qe7 9. e4 e5 10. d5 Bg4 11. h3 Bh5 12. g4 Bg6 13. Qe2 Ne8 14. Bg5 f6 15. Bd2 Bf7 16. Kh2 Kh8 17. Rg1 Nd7 18. Rg2 g5 19. h4 h6 20. h5 Ng7 21. Ne1 Rae8 22. f3 Qd8 23. Nc2 Qa5 24. Ne3 Rb8 25. Rgg1 Nb6 26. Rgb1 Be8 27. Qd1 Ba4 28. Bc2 Bd7 29. a4 Na8 30. Ng2 Nb6 31. Ne3 1/2-1/2

[Event "Brazil Fiesta op"]
[Site "Brazil"]
[Date "2017.07.21"]
[Round "1"]
[White "Felix, Luiza de Oliveira"]
[Black "Lucena, Lincoln"]
[Result "0-1"]
[WhiteElo "1639"]
[BlackElo "2100"]
[PlyCount "60"]
[EventDate "2017.07.21"]
[EventType "swiss"]
[EventRounds "6"]
[EventCountry "BRA"]
[SourceTitle "EXT 2019"]
[Source "ChessBase"]
[SourceDate "2018.10.10"]
[SourceVersion "1"]
[SourceVersionDate "2018.10.10"]
[SourceQuality "1"]

1. Nf3 Nf6 2. g3 b5 3. d4 Bb7 4. e3 a6 5. Bg2 e6 6. 0-0 d6 7. Nbd2 Nbd7 8. b3 Be7 9. Bb2 0-0 10. c4 b4 11. Qc2 c5 12. Rfe1 Qc7 13. e4 cxd4 14. Nxd4 Rac8 15. N4f3 e5 16. a3 a5 17. axb4 axb4 18. Re2 Nc5 19. Ne1 Qb6 20. Nd3 Ne6 21. Ra4 Bc6 22. Rxb4 Qc7 23. Re1 Nc5 24. Bh3 Ra8 25. Nf4 exf4 26. e5 dxe5 27. Bxe5 Qd8 28. Rd1 Nd3 29. Rb8 Rxb8 30. Bxb8 Nb4 0-1

[Event "BRA-ch Regional Centro Oeste"]
[Site "Brasilia"]
[Date "2016.08.14"]
[Round "6.4"]
[White "Moraes Silva, Carlos Alessandro"]
[Black "Lucena, Lincoln"]
[Result "1-0"]
[WhiteElo "1805"]
[BlackElo "2152"]
[PlyCount "97"]
[EventDate "2016.08.12"]
[EventType "swiss"]
[EventRounds "6"]
[EventCountry "BRA"]
[SourceTitle "EXT 2022"]
[Source "ChessBase"]
[SourceDate "2021.10.06"]
[SourceVersion "1"]
[SourceVersionDate "2021.10.06"]
[SourceQuality "1"]

1. e4 e5 2. Nf3 d6 3. c3 Nf6 4. Bd3 Be7 5. Bc2 Bg4 6. h3 Bh5 7. d3 Nfd7 8. Nbd2 Nc6 9. Nf1 Nb6 10. Ng3 Bg6 11. d4 exd4 12. cxd4 d5 13. e5 Bb4+ 14. Kf1 Bxc2 15. Qxc2 g6 16. a3 Be7 17. Bh6 Qd7 18. Kg1 0-0-0 19. Kh2 Rde8 20. Rhe1 Bf8 21. Bxf8 Rhxf8 22. b3 Kb8 23. Qc5 Nd8 24. a4 Ne6 25. Qc3 a6 26. Reb1 h5 27. Qc2 h4 28. Nf1 f6 29. Ne3 fxe5 30. dxe5 Rxf3 31. gxf3 Nf4 32. Ng4 Rxe5 33. Re1 Rf5 34. a5 Nc8 35. Qd1 Nd6 36. Re3 Rf8 37. Ra4 Nb5 38. Qe1 d4 39. Re7 Qd6 40. Qe5 Qc6 41. Qe4 Qc3 42. Ne5 Rf5 43. Re8+ Ka7 44. Rc4 Qa1 45. Nd7 Nd6 46. Qe7 Ne6 47. Qxe6 Rf7 48. Rxc7 Qb2 49. Kg2 1-0